[Event "Mitropa Online Cup Women 2021"]
[Site "Hybrid"]
[Date "2021.05.04"]
[Round "9.2"]
[White "Trippold, Denise"]
[Black "Zimina, Olga"]
[Result "0-1"]
[WhiteElo "2145"]
[BlackElo "2341"]
[Annotator "NA"]
[PlyCount "178"]
[EventDate "2021.05.04"]
[EventType "team-tourn"]
[EventCountry "NET"]
[SourceTitle "playchess.com"]
[Source "ChessBase"]
[SourceQuality "1"]
[WhiteTeam "Austria"]
[BlackTeam "Italy"]
[WhiteTeamCountry "AUT"]
[BlackTeamCountry "ITA"]
[TimeControl "40/5400+30:1800+30"]

1. d4 {[%emt 0:00:00]} Nf6 {[%emt 0:00:10]} 2. c4 {[%emt 0:00:10]} e6 {[%emt 0:00:07]} 3. Nf3 {[%emt 0:00:08]} b6 {[%emt 0:00:13]} 4. g3 {[%emt 0:00:14]} Ba6 {[%emt 0:00:08]} 5. b3 {[%emt 0:00:13]} b5 {[%emt 0:00:08]} 6. cxb5 {[%emt 0:00:12]} Bxb5 {[%emt 0:00:10]} 7. Nc3 {[%emt 0:00:10]} Bc6 {[%emt 0:00:39]} 8. Bg2 {[%emt 0:01:58]} Qc8 {[%emt 0:01:31]} 9. O-O {[%emt 0:07:25]} Be7 {[%emt 0:01:01]} 10. Bb2 {[%emt 0:05:06]} O-O {[%emt 0:08:19]} 11. Rc1 {[%emt 0:03:49]} a5 {[%emt 0:07:31]} 12. Qc2 {[%emt 0:02:24]} Bb4 {[%emt 0:04:28]} 13. Ne5 {[%emt 0:07:28]} Bxg2 {[%emt 0:00:37]} 14. Kxg2 {[%emt 0:00:08]} Qb7+ {[%emt 0:00:37]} 15. Kg1 {[%emt 0:04:02]} d6 {[%emt 0:35:18]} 16. Nd3 {[%emt 0:03:53]} Bxc3 {[%emt 0:00:47]} 17. Bxc3 {[%emt 0:05:56]} Nbd7 {[%emt 0:00:13]} 18. f3 {[%emt 0:10:25]} Nd5 {[%emt 0:01:16]} 19. Bd2 {[%emt 0:01:48]} Qb6 {[%emt 0:00:51]} 20. e3 {[%emt 0:04:48]} Ra6 {[%emt 0:14:16]} 21. Kh1 {[%emt 0:10:02]} Rc8 {[%emt 0:01:27]} 22. Nb2 {[%emt 0:06:50]} Nb4 {[%emt 0:02:34]} 23. Qb1 {[%emt 0:01:15]} Rb8 {[%emt 0:01:58]} 24. Nc4 {[%emt 0:07:25]} Qb7 {[%emt 0:02:31]} 25. Kg2 {[%emt 0:03:21]} c5 {[%emt 0:01:22]} 26. dxc5 {[%emt 0:06:04]} Nxc5 {[%emt 0:00:20]} 27. Bxb4 {[%emt 0:00:54]} Qxb4 {[%emt 0:03:04]} 28. Rfd1 {[%emt 0:01:55]} Nd7 {[%emt 0:03:48]} 29. Rd4 {[%emt 0:02:11]} e5 {[%emt 0:01:03]} 30. Nxe5 {[%emt 0:01:36]} Qb5 {[%emt 0:00:16]} 31. Nxd7 {[%emt 0:01:00]} Qxd7 {[%emt 0:00:45]} 32. Qd3 {[%emt 0:00:15]} Rab6 {[%emt 0:02:52]} 33. Rdc4 {[%emt 0:01:17]} h6 {[%emt 0:01:47]} 34. Qc3 {[%emt 0:00:40]} Qb5 {[%emt 0:01:21]} 35. Qd3 {[%emt 0:01:24]} Qd7 {[%emt 0:00:30]} 36. Qd5 {[%emt 0:00:46]} Rb5 {[%emt 0:00:31]} 37. Qd4 {[%emt 0:00:14]} Rh5 {[%emt 0:00:27]} 38. g4 {[%emt 0:00:21]} Re5 {[%emt 0:01:40]} 39. Rd1 {[%emt 0:00:51]} Rbe8 {[%emt 0:00:10]} 40. e4 {[%emt 0:00:00]} R8e6 {[%emt 0:00:00]} 41. Rd2 {[%emt 0:03:43]} h5 {[%emt 0:06:40]} 42. h3 {[%emt 0:00:59]} Qb7 {[%emt 0:06:28]} 43. Qd3 {[%emt 0:05:00]} Rh6 {[%emt 0:10:25]} 44. Rd4 {[%emt 0:06:24]} hxg4 {[%emt 0:01:05]} 45. hxg4 {[%emt 0:00:13]} Ree6 {[%emt 0:00:39]} 46. Rd5 {[%emt 0:08:23]} Qe7 {[%emt 0:01:09]} 47. g5 {[%emt 0:08:10]} Rh5 {[%emt 0:01:55]} 48. Kf2 {[%emt 0:00:12]} Rxg5 {[%emt 0:03:32]} 49. Rxd6 {[%emt 0:02:03]} Rh5 {[%emt 0:01:41]} 50. Rxe6 {[%emt 0:00:25]} Qxe6 {[%emt 0:00:50]} 51. Qd6 {[%emt 0:00:44]} Qh3 {[%emt 0:01:02]} 52. Ke3 {[%emt 0:00:21]} Qf1 {[%emt 0:00:29]} 53. Qd8+ {[%emt 0:00:11]} Kh7 {[%emt 0:00:13]} 54. Qd3 {[%emt 0:00:52]} Qg1+ {[%emt 0:00:32]} 55. Rf2 {[%emt 0:00:02]} Rh2 {[%emt 0:00:33]} 56. Qf1 {[%emt 0:01:01]} Qg5+ {[%emt 0:00:09]} 57. f4 {[%emt 0:00:30]} Qc5+ {[%emt 0:00:18]} 58. Kf3 {[%emt 0:00:26]} Qc3+ {[%emt 0:02:49]} 59. Kg4 {[%emt 0:00:36]} Rh6 {[%emt 0:00:05]} 60. f5 {[%emt 0:00:04]} Qe3 {[%emt 0:00:44]} 61. Qg2 {[%emt 0:00:22]} f6 {[%emt 0:00:26]} 62. Re2 {[%emt 0:00:53]} Qc1 {[%emt 0:00:05]} 63. Kf3 {[%emt 0:00:39]} Qd1 {[%emt 0:00:34]} 64. Ke3 {[%emt 0:00:20]} a4 {[%emt 0:01:28]} 65. bxa4 {[%emt 0:00:16]} Qxa4 {[%emt 0:00:12]} 66. Rd2 {[%emt 0:00:50]} Qa3+ {[%emt 0:00:17]} 67. Ke2 {[%emt 0:00:06]} Qa6+ {[%emt 0:00:11]} 68. Ke3 {[%emt 0:00:07]} Qb6+ {[%emt 0:00:15]} 69. Ke2 {[%emt 0:00:11]} Qb5+ {[%emt 0:00:03]} 70. Kf3 {[%emt 0:00:27]} Qe5 {[%emt 0:00:43]} 71. Rc2 {[%emt 0:00:44]} Qd6 {[%emt 0:00:52]} 72. Rd2 {[%emt 0:00:42]} Qb4 {[%emt 0:00:48]} 73. Ke2 {[%emt 0:01:10]} Qa5 {[%emt 0:00:13]} 74. Kf3 {[%emt 0:00:16]} Kh8 {[%emt 0:00:39]} 75. Rc2 {[%emt 0:00:35]} Qa3+ {[%emt 0:00:20]} 76. Kg4 {[%emt 0:00:45]} Qe3 {[%emt 0:00:31]} 77. Re2 {[%emt 0:00:04]} Qg5+ {[%emt 0:00:35]} 78. Kf3 {[%emt 0:00:03]} Qc1 {[%emt 0:01:02]} 79. Rc2 {[%emt 0:00:54]} Qd1+ {[%emt 0:00:12]} 80. Ke3 {[%emt 0:00:07]} Qe1+ {[%emt 0:01:10]} 81. Kd3 {[%emt 0:00:03]} Qd1+ {[%emt 0:00:22]} 82. Ke3 {[%emt 0:00:11]} Qd8 {[%emt 0:00:26]} 83. Kf3 {[%emt 0:02:09]} Rh4 {[%emt 0:01:03]} 84. Qd2 {[%emt 0:00:23]} Qb8 {[%emt 0:00:12]} 85. Rc3 {[%emt 0:00:37]} Qe5 {[%emt 0:00:32]} 86. Rb3 {[%emt 0:00:32]} Qxe4+ {[%emt 0:00:13]} 87. Kg3 {[%emt 0:00:18]} Qg4+ {[%emt 0:00:10]} 88. Kf2 {[%emt 0:00:03]} Rh2+ {[%emt 0:00:04]} 89. Ke3 {[%emt 0:00:10]} Qg5+ {[%emt 0:00:06]} 0-1

[Event "Mitropa Online Cup Women 2021"]
[Site "Hybrid"]
[Date "2021.05.04"]
[Round "9.2"]
[White "Hapala, Elisabeth"]
[Black "Raccanello, Marianna"]
[Result "1-0"]
[WhiteElo "2120"]
[BlackElo "2140"]
[Annotator "NA"]
[PlyCount "149"]
[EventDate "2021.05.04"]
[EventType "team-tourn"]
[EventCountry "NET"]
[SourceTitle "playchess.com"]
[Source "ChessBase"]
[SourceQuality "1"]
[WhiteTeam "Austria"]
[BlackTeam "Italy"]
[WhiteTeamCountry "AUT"]
[BlackTeamCountry "ITA"]
[TimeControl "40/5400+30:1800+30"]

1. e4 {[%emt 0:00:00]} c5 {[%emt 0:00:19]} 2. Nf3 {[%emt 0:00:04]} e6 {[%emt 0:00:08]} 3. d4 {[%emt 0:00:03]} cxd4 {[%emt 0:00:05]} 4. Nxd4 {[%emt 0:00:02]} a6 {[%emt 0:00:06]} 5. c4 {[%emt 0:00:06]} Nf6 {[%emt 0:00:08]} 6. Nc3 {[%emt 0:00:03]} Qc7 {[%emt 0:00:09]} 7. Be2 {[%emt 0:00:04]} Nc6 {[%emt 0:00:30]} 8. O-O {[%emt 0:10:25]} Nxd4 {[%emt 0:05:42]} 9. Qxd4 {[%emt 0:00:04]} Bc5 {[%emt 0:00:08]} 10. Qd3 {[%emt 0:01:08]} b6 {[%emt 0:03:58]} 11. a3 {[%emt 0:12:29]} Bb7 {[%emt 0:02:38]} 12. b4 {[%emt 0:00:58]} Be7 {[%emt 0:00:26]} 13. f4 {[%emt 0:01:59]} d6 {[%emt 0:00:23]} 14. Bb2 {[%emt 0:06:52]} Nd7 {[%emt 0:08:59]} 15. Rac1 {[%emt 0:14:05]} O-O {[%emt 0:07:19]} 16. Qg3 {[%emt 0:03:19]} Bf6 {[%emt 0:00:18]} 17. Bd3 {[%emt 0:00:47]} Rac8 {[%emt 0:09:28]} 18. Qh3 {[%emt 0:09:18]} g6 {[%emt 0:03:04]} 19. f5 {[%emt 0:06:57]} Rce8 {[%emt 0:00:55]} 20. fxg6 {[%emt 0:07:09]} fxg6 {[%emt 0:01:07]} 21. Kh1 {[%emt 0:07:16]} Ne5 {[%emt 0:04:43]} 22. Be2 {[%emt 0:00:12]} Qe7 {[%emt 0:04:08]} 23. Na4 {[%emt 0:02:50]} Bxe4 {[%emt 0:07:37]} 24. Nxb6 {[%emt 0:00:07]} Bf5 {[%emt 0:03:01]} 25. Qb3 {[%emt 0:01:00]} Bg5 {[%emt 0:06:37]} 26. Rcd1 {[%emt 0:01:13]} Ng4 {[%emt 0:00:13]} 27. Bxg4 {[%emt 0:02:36]} Bxg4 {[%emt 0:00:08]} 28. Rde1 {[%emt 0:02:15]} Rxf1+ {[%emt 0:00:49]} 29. Rxf1 {[%emt 0:00:04]} Rf8 {[%emt 0:00:08]} 30. Qd3 {[%emt 0:04:14]} Qd8 {[%emt 0:11:33]} 31. Bd4 {[%emt 0:02:41]} e5 {[%emt 0:00:50]} 32. Rxf8+ {[%emt 0:01:09]} Qxf8 {[%emt 0:00:11]} 33. Bg1 {[%emt 0:00:18]} Be6 {[%emt 0:02:32]} 34. Nd5 {[%emt 0:01:35]} Qf7 {[%emt 0:03:01]} 35. a4 {[%emt 0:01:01]} Bf5 {[%emt 0:05:53]} 36. Qg3 {[%emt 0:01:34]} Bd8 {[%emt 0:00:23]} 37. b5 {[%emt 0:01:21]} axb5 {[%emt 0:00:08]} 38. axb5 {[%emt 0:00:03]} Be4 {[%emt 0:02:42]} 39. b6 {[%emt 0:01:22]} Kg7 {[%emt 0:05:51]} 40. Qe3 {[%emt 0:00:00]} Bxd5 {[%emt 0:00:00]} 41. cxd5 {[%emt 0:02:13]} Qxd5 {[%emt 0:01:56]} 42. Qa3 {[%emt 0:09:08]} Qc6 {[%emt 0:13:08]} 43. Qa7+ {[%emt 0:00:52]} Kf6 {[%emt 0:00:20]} 44. b7 {[%emt 0:03:13]} Bc7 {[%emt 0:00:12]} 45. b8=Q {[%emt 0:02:21]} Bxb8 {[%emt 0:00:05]} 46. Qxb8 {[%emt 0:00:02]} Kg7 {[%emt 0:02:54]} 47. h3 {[%emt 0:01:23]} Qd7 {[%emt 0:00:49]} 48. Qa7 {[%emt 0:04:36]} Qxa7 {[%emt 0:00:24]} 49. Bxa7 {[%emt 0:00:03]} d5 {[%emt 0:00:31]} 50. g3 {[%emt 0:01:55]} Kf6 {[%emt 0:00:39]} 51. Kg2 {[%emt 0:00:03]} Kf5 {[%emt 0:03:16]} 52. Kf3 {[%emt 0:00:23]} h5 {[%emt 0:00:18]} 53. Bb6 {[%emt 0:01:15]} Ke6 {[%emt 0:02:21]} 54. Bc7 {[%emt 0:01:19]} Kf5 {[%emt 0:01:02]} 55. Bd8 {[%emt 0:01:31]} Ke6 {[%emt 0:01:24]} 56. Ke3 {[%emt 0:00:06]} Kf5 {[%emt 0:01:08]} 57. Ba5 {[%emt 0:05:26]} g5 {[%emt 0:02:07]} 58. Bd8 {[%emt 0:02:21]} g4 {[%emt 0:00:27]} 59. h4 {[%emt 0:00:56]} Ke6 {[%emt 0:00:31]} 60. Bc7 {[%emt 0:00:08]} Kf5 {[%emt 0:00:27]} 61. Kd3 {[%emt 0:00:08]} Ke6 {[%emt 0:00:35]} 62. Kc3 {[%emt 0:00:40]} Kf5 {[%emt 0:00:07]} 63. Kd3 {[%emt 0:01:23]} Ke6 {[%emt 0:00:07]} 64. Kc3 {[%emt 0:00:02]} Kf5 {[%emt 0:01:03]} 65. Kb4 {[%emt 0:00:10]} Ke4 {[%emt 0:00:10]} 66. Kc5 {[%emt 0:00:09]} d4 {[%emt 0:00:23]} 67. Kc4 {[%emt 0:00:09]} d3 {[%emt 0:06:21]} 68. Kc3 {[%emt 0:00:12]} d2 {[%emt 0:03:42]} 69. Kxd2 {[%emt 0:00:18]} Kd4 {[%emt 0:00:13]} 70. Ke2 {[%emt 0:00:11]} Ke4 {[%emt 0:00:21]} 71. Bb6 {[%emt 0:00:09]} Kd5 {[%emt 0:00:22]} 72. Ke3 {[%emt 0:00:03]} Kc6 {[%emt 0:00:49]} 73. Ba5 {[%emt 0:00:03]} Kd5 {[%emt 0:00:15]} 74. Bc3 {[%emt 0:00:03]} e4 {[%emt 0:00:32]} 75. Bb2 {[%emt 0:00:04]} 1-0

[Event "Mitropa Online Cup Women 2021"]
[Site "Hybrid"]
[Date "2021.05.04"]
[Round "9.2"]
[White "Grimaldi, Angela Flavia"]
[Black "Vicze, Kata"]
[Result "1-0"]
[WhiteElo "2000"]
[BlackElo "1809"]
[Annotator "NA"]
[PlyCount "65"]
[EventDate "2021.05.04"]
[EventType "team-tourn"]
[EventCountry "NET"]
[SourceTitle "playchess.com"]
[Source "ChessBase"]
[SourceQuality "1"]
[WhiteTeam "Italy"]
[BlackTeam "Austria"]
[WhiteTeamCountry "ITA"]
[BlackTeamCountry "AUT"]
[TimeControl "40/5400+30:1800+30"]

1. e4 {[%emt 0:00:00]} c5 {[%emt 0:00:07]} 2. Nf3 {[%emt 0:00:05]} Nc6 {[%emt 0:00:06]} 3. Bb5 {[%emt 0:00:04]} e6 {[%emt 0:00:07]} 4. O-O {[%emt 0:00:05]} Nge7 {[%emt 0:00:14]} 5. Re1 {[%emt 0:00:03]} a6 {[%emt 0:00:17]} 6. Bf1 {[%emt 0:00:03]} d5 {[%emt 0:00:41]} 7. exd5 {[%emt 0:00:06]} Nxd5 {[%emt 0:00:33]} 8. d4 {[%emt 0:00:04]} cxd4 {[%emt 0:02:40]} 9. Nxd4 {[%emt 0:00:07]} Bc5 {[%emt 0:01:28]} 10. Nxc6 {[%emt 0:02:51]} bxc6 {[%emt 0:01:55]} 11. c4 {[%emt 0:14:39]} Qf6 {[%emt 0:06:59]} 12. Qe2 {[%emt 0:03:56]} Nf4 {[%emt 0:16:10]} 13. Bxf4 {[%emt 0:01:08]} Qxf4 {[%emt 0:00:19]} 14. Nc3 {[%emt 0:00:41]} O-O {[%emt 0:03:22]} 15. g3 {[%emt 0:05:22]} Qc7 {[%emt 0:05:01]} 16. Bg2 {[%emt 0:00:34]} f5 {[%emt 0:05:59]} 17. Kh1 {[%emt 0:08:20]} Bd7 {[%emt 0:05:00]} 18. Rad1 {[%emt 0:19:11]} Rad8 {[%emt 0:07:42]} 19. a3 {[%emt 0:07:46]} Ba7 {[%emt 0:07:22]} 20. b4 {[%emt 0:05:28]} f4 {[%emt 0:05:21]} 21. c5 {[%emt 0:02:01]} fxg3 {[%emt 0:08:40]} 22. hxg3 {[%emt 0:02:53]} Rf6 {[%emt 0:03:01]} 23. Ne4 {[%emt 0:01:39]} Rh6+ {[%emt 0:00:28]} 24. Kg1 {[%emt 0:00:11]} Rf8 {[%emt 0:02:54]} 25. Nd6 {[%emt 0:01:36]} a5 {[%emt 0:02:34]} 26. Qc4 {[%emt 0:02:17]} Kh8 {[%emt 0:02:02]} 27. Rd2 {[%emt 0:01:26]} Qd8 {[%emt 0:02:11]} 28. Nb7 {[%emt 0:08:04]} Qf6 {[%emt 0:01:46]} 29. Qd4 {[%emt 0:01:55]} Be8 {[%emt 0:02:20]} 30. Qxf6 {[%emt 0:00:07]} Rhxf6 {[%emt 0:00:10]} 31. Nxa5 {[%emt 0:00:24]} e5 {[%emt 0:01:37]} 32. Rxe5 {[%emt 0:00:55]} Bb8 {[%emt 0:00:38]} 33. Re7 {[%emt 0:00:35]} 1-0

[Event "Mitropa Online Cup Women 2021"]
[Site "Hybrid"]
[Date "2021.05.04"]
[Round "9.3"]
[White "Terbe, Julianna"]
[Black "Janzelj, Lara"]
[Result "1-0"]
[WhiteElo "2267"]
[BlackElo "2212"]
[Annotator "NA"]
[PlyCount "149"]
[EventDate "2021.05.04"]
[EventType "team-tourn"]
[EventCountry "NET"]
[SourceTitle "playchess.com"]
[Source "ChessBase"]
[SourceQuality "1"]
[WhiteTeam "Hungary"]
[BlackTeam "Slovenia"]
[WhiteTeamCountry "HUN"]
[BlackTeamCountry "SLO"]
[TimeControl "40/5400+30:1800+30"]

1. d4 {[%emt 0:00:00]} d5 {[%emt 0:00:09]} 2. Nf3 {[%emt 0:00:06]} Nf6 {[%emt 0:00:26]} 3. g3 {[%emt 0:00:07]} e6 {[%emt 0:01:30]} 4. Bg2 {[%emt 0:00:58]} Bd6 {[%emt 0:00:10]} 5. c4 {[%emt 0:03:06]} O-O {[%emt 0:02:37]} 6. O-O {[%emt 0:02:12]} dxc4 {[%emt 0:03:07]} 7. Nfd2 {[%emt 0:06:50]} e5 {[%emt 0:05:50]} 8. dxe5 {[%emt 0:01:17]} Bxe5 {[%emt 0:00:07]} 9. Nxc4 {[%emt 0:00:43]} Bd4 {[%emt 0:01:02]} 10. Qc2 {[%emt 0:06:14]} Qe7 {[%emt 0:02:01]} 11. e3 {[%emt 0:06:45]} Bc5 {[%emt 0:01:09]} 12. Nc3 {[%emt 0:00:51]} a6 {[%emt 0:02:22]} 13. b3 {[%emt 0:03:32]} c6 {[%emt 0:04:55]} 14. Na4 {[%emt 0:04:24]} Re8 {[%emt 0:06:53]} 15. Nxc5 {[%emt 0:04:36]} Qxc5 {[%emt 0:00:12]} 16. Ba3 {[%emt 0:00:06]} Qh5 {[%emt 0:03:43]} 17. Nd6 {[%emt 0:01:35]} Rd8 {[%emt 0:00:22]} 18. Rad1 {[%emt 0:02:14]} Nbd7 {[%emt 0:05:52]} 19. h3 {[%emt 0:08:24]} Nf8 {[%emt 0:06:39]} 20. Nxc8 {[%emt 0:08:29]} Rdxc8 {[%emt 0:00:17]} 21. e4 {[%emt 0:01:54]} Qg6 {[%emt 0:04:36]} 22. Kh2 {[%emt 0:04:52]} Re8 {[%emt 0:01:27]} 23. Rfe1 {[%emt 0:00:25]} Nh5 {[%emt 0:12:19]} 24. Re3 {[%emt 0:08:23]} Rad8 {[%emt 0:03:41]} 25. f4 {[%emt 0:02:52]} Nf6 {[%emt 0:06:20]} 26. Rxd8 {[%emt 0:04:18]} Rxd8 {[%emt 0:00:08]} 27. Qe2 {[%emt 0:00:21]} h5 {[%emt 0:02:27]} 28. f5 {[%emt 0:05:03]} Qg5 {[%emt 0:00:43]} 29. Be7 {[%emt 0:03:51]} Re8 {[%emt 0:06:36]} 30. Bd6 {[%emt 0:02:12]} Nd5 {[%emt 0:02:13]} 31. Rf3 {[%emt 0:00:12]} Qf6 {[%emt 0:00:45]} 32. Ba3 {[%emt 0:04:06]} Nc3 {[%emt 0:06:13]} 33. Qd3 {[%emt 0:03:28]} Nb5 {[%emt 0:01:14]} 34. Bc1 {[%emt 0:00:36]} Nd4 {[%emt 0:02:06]} 35. Rf2 {[%emt 0:01:02]} c5 {[%emt 0:01:40]} 36. h4 {[%emt 0:00:54]} Nh7 {[%emt 0:03:27]} 37. Qd1 {[%emt 0:00:56]} Nc6 {[%emt 0:01:02]} 38. Qxh5 {[%emt 0:00:22]} Ne5 {[%emt 0:01:36]} 39. Bg5 {[%emt 0:00:26]} Qc6 {[%emt 0:00:28]} 40. Qd1 {[%emt 0:00:00]} b5 {[%emt 0:00:00]} 41. Bf4 {[%emt 0:03:40]} Nf6 {[%emt 0:02:16]} 42. Re2 {[%emt 0:03:21]} c4 {[%emt 0:01:58]} 43. bxc4 {[%emt 0:01:11]} bxc4 {[%emt 0:00:10]} 44. Qd4 {[%emt 0:03:54]} Nfg4+ {[%emt 0:02:01]} 45. Kh3 {[%emt 0:01:23]} Qc7 {[%emt 0:04:25]} 46. Rd2 {[%emt 0:04:21]} Qa5 {[%emt 0:00:54]} 47. h5 {[%emt 0:04:29]} Qa3 {[%emt 0:05:44]} 48. Rc2 {[%emt 0:02:40]} Qb4 {[%emt 0:03:27]} 49. Qd1 {[%emt 0:03:31]} Qb6 {[%emt 0:01:30]} 50. Qe2 {[%emt 0:00:27]} Qg1 {[%emt 0:05:53]} 51. Bf3 {[%emt 0:01:11]} Nxf3 {[%emt 0:01:02]} 52. Qxf3 {[%emt 0:00:38]} Nf6 {[%emt 0:00:53]} 53. Rxc4 {[%emt 0:01:15]} Rd8 {[%emt 0:02:10]} 54. Rc1 {[%emt 0:01:15]} Qd4 {[%emt 0:00:21]} 55. Bg5 {[%emt 0:00:54]} Rd6 {[%emt 0:00:53]} 56. Re1 {[%emt 0:00:30]} Qb4 {[%emt 0:01:01]} 57. Re3 {[%emt 0:01:59]} Nh7 {[%emt 0:00:56]} 58. Bf4 {[%emt 0:00:36]} Rd8 {[%emt 0:00:37]} 59. e5 {[%emt 0:00:32]} Qb1 {[%emt 0:00:13]} 60. Kg4 {[%emt 0:01:30]} Re8 {[%emt 0:01:23]} 61. Qc6 {[%emt 0:01:12]} Qd1+ {[%emt 0:00:24]} 62. Rf3 {[%emt 0:00:11]} Rd8 {[%emt 0:00:14]} 63. Qxa6 {[%emt 0:00:31]} Nf8 {[%emt 0:01:56]} 64. h6 {[%emt 0:00:59]} g6 {[%emt 0:00:27]} 65. fxg6 {[%emt 0:00:38]} Qd7+ {[%emt 0:00:35]} 66. e6 {[%emt 0:00:37]} Nxe6 {[%emt 0:00:17]} 67. h7+ {[%emt 0:00:27]} Kh8 {[%emt 0:00:11]} 68. Be5+ {[%emt 0:00:33]} Ng7+ {[%emt 0:00:04]} 69. Kh4 {[%emt 0:00:43]} fxg6 {[%emt 0:01:41]} 70. Qxg6 {[%emt 0:00:23]} Qe7+ {[%emt 0:00:06]} 71. Bf6 {[%emt 0:00:32]} Rd4+ {[%emt 0:00:05]} 72. Kh3 {[%emt 0:00:33]} Qd7+ {[%emt 0:00:33]} 73. g4 {[%emt 0:00:15]} Rd1 {[%emt 0:00:51]} 74. Bxg7+ {[%emt 0:00:38]} Qxg7 {[%emt 0:00:04]} 75. Qe8+ {[%emt 0:00:03]} 1-0

[Event "Mitropa Online Cup Women 2021"]
[Site "Hybrid"]
[Date "2021.05.04"]
[Round "9.3"]
[White "Gaal, Zsoka"]
[Black "Hercog, Nusa"]
[Result "1-0"]
[WhiteElo "2177"]
[BlackElo "2028"]
[Annotator "NA"]
[PlyCount "79"]
[EventDate "2021.05.04"]
[EventType "team-tourn"]
[EventCountry "NET"]
[SourceTitle "playchess.com"]
[Source "ChessBase"]
[SourceQuality "1"]
[WhiteTeam "Hungary"]
[BlackTeam "Slovenia"]
[WhiteTeamCountry "HUN"]
[BlackTeamCountry "SLO"]
[TimeControl "40/5400+30:1800+30"]

1. Nf3 {[%emt 0:00:00]} d5 {[%emt 0:00:11]} 2. g3 {[%emt 0:00:05]} Nf6 {[%emt 0:00:16]} 3. Bg2 {[%emt 0:00:10]} c6 {[%emt 0:00:12]} 4. O-O {[%emt 0:00:38]} Bf5 {[%emt 0:00:26]} 5. c4 {[%emt 0:00:25]} e6 {[%emt 0:03:39]} 6. Qb3 {[%emt 0:00:52]} Qb6 {[%emt 0:01:16]} 7. d3 {[%emt 0:00:08]} Nbd7 {[%emt 0:00:50]} 8. Be3 {[%emt 0:00:58]} Bc5 {[%emt 0:04:54]} 9. Bxc5 {[%emt 0:05:57]} Nxc5 {[%emt 0:01:02]} 10. Qa3 {[%emt 0:05:16]} O-O {[%emt 0:05:03]} 11. Nbd2 {[%emt 0:04:30]} a5 {[%emt 0:06:22]} 12. Rfc1 {[%emt 0:03:40]} Ncd7 {[%emt 0:03:10]} 13. Qc3 {[%emt 0:08:42]} h6 {[%emt 0:04:42]} 14. Rab1 {[%emt 0:05:04]} c5 {[%emt 0:09:25]} 15. cxd5 {[%emt 0:06:11]} exd5 {[%emt 0:00:22]} 16. Nh4 {[%emt 0:04:55]} Bh7 {[%emt 0:03:48]} 17. e4 {[%emt 0:01:00]} dxe4 {[%emt 0:06:04]} 18. dxe4 {[%emt 0:00:39]} Rfe8 {[%emt 0:02:46]} 19. Re1 {[%emt 0:00:58]} Ng4 {[%emt 0:07:02]} 20. Nc4 {[%emt 0:02:22]} Qc7 {[%emt 0:01:12]} 21. Rbd1 {[%emt 0:01:32]} Ra6 {[%emt 0:08:16]} 22. Bh3 {[%emt 0:14:58]} h5 {[%emt 0:01:01]} 23. f3 {[%emt 0:05:29]} Nge5 {[%emt 0:00:42]} 24. Rd5 {[%emt 0:08:53]} Re7 {[%emt 0:13:06]} 25. Red1 {[%emt 0:04:12]} Ra8 {[%emt 0:10:18]} 26. a4 {[%emt 0:07:04]} b6 {[%emt 0:01:53]} 27. Nd6 {[%emt 0:02:27]} f6 {[%emt 0:03:33]} 28. Nhf5 {[%emt 0:02:17]} Bxf5 {[%emt 0:00:54]} 29. Nxf5 {[%emt 0:00:06]} Rf7 {[%emt 0:00:22]} 30. Nd6 {[%emt 0:01:51]} Re7 {[%emt 0:00:21]} 31. f4 {[%emt 0:00:19]} Ng4 {[%emt 0:00:49]} 32. Rxh5 {[%emt 0:01:15]} Nh6 {[%emt 0:00:27]} 33. Qc4+ {[%emt 0:00:57]} Kf8 {[%emt 0:01:27]} 34. Nf5 {[%emt 0:00:25]} b5 {[%emt 0:00:34]} 35. Qa2 {[%emt 0:01:20]} Rf7 {[%emt 0:00:32]} 36. Nxh6 {[%emt 0:00:09]} gxh6 {[%emt 0:00:04]} 37. Qxf7+ {[%emt 0:00:36]} Kxf7 {[%emt 0:00:12]} 38. Rxd7+ {[%emt 0:00:07]} Qxd7 {[%emt 0:00:03]} 39. Bxd7 {[%emt 0:00:06]} Kg6 {[%emt 0:00:15]} 40. Rxc5 {[%emt 0:00:00]} 1-0